000 00549 a2200205 4500
003 0000
005 20251017092356.0
020 _a9781032348452
040 _erda
050 _aTJ 163.25 .F44 2025
100 _4Author
_aFeeney, Andrew
245 _aAdvances in Adaptive Ultrasonics/
_cAndrew Feeney
264 _aMilton Oark
_bCRC Press
_c2025
300 _axii, 196p.:
_bill.
336 _2rdacontent
338 _2rdacarrier
500 _aAppendix, Bibliography and index
504 _aAppendix, Bibliography and index
942 _2lcc
_cBK
999 _c43869
_d43869